Raúl Anguiano /

Na minha lista:
Detalhes bibliográficos
Autor principal: Anguiano, Raúl (autor)
Outros Autores: Nelken, Margarita (texto) (texto)
Formato: Livro
Idioma:espanhol
Publicado em: México : Estaciones, 1958, c1958
Assuntos:
Tags: Adicionar Tag
Sem tags, seja o primeiro a adicionar uma tag!

MARC

LEADER 00000nam^a2200000^a^4500
001 000187084
005 20250526000000.0
009 20260310102247.705
037 |a Acervo ITESO - Biblioteca 
041 |a ESP 
082 |a 759. 97206  |b ANG NEL 
100 |a Anguiano, Raúl  |e (autor) 
245 1 0 |a Raúl Anguiano /  |c R. Anguiano ; Texto de M. Nelken. 
264 4 |a México :  |b Estaciones,  |c 1958, c1958 
300 |a 126 p. ;  |c 23.5 cm. 
336 |a texto  |b txt  |2 rdacontenido 
337 |a sin mediación  |b n  |2 rdamedio 
338 |a volumen  |b nc  |2 rdasoporte 
649 |a XX 
650 |a Pintores Jaliscienses -  |x Biografías -  |x Tema Principal 
650 |a Pintores Mexicanos -  |x Biografías 
650 |a Artistas Jaliscienses -  |x Biografías 
650 |a Artistas Mexicanos -  |x Biografías 
650 |a Pintura Jalisciense -  |y Siglo XX 
650 |a Pintura Jalisciense -  |x Historia y Crítica 
650 |a Pintura Mexicana -  |y Siglo XX 
650 |a Pintura Mexicana -  |x Historia y Crítica 
650 |a Arte Jalisciense -  |y Siglo XX 
650 |a Arte Jalisciense -  |x Historia y Crítica 
650 |a Arte Mexicano -  |y Siglo XX 
650 |a Arte Mexicano -  |x Historia y Crítica 
650 |a Anguiano, Raúl -  |x Tema Principal 
700 |a Nelken, Margarita  |e (texto) 
910 |a Fondo Julio de la Peña Lomelín 
920 |a Impresos - Libros 
930 |a Libros Antiguos y Raros 
940 |a Arquitectos Jaliscienses 
905 |a 108 
901 |a 0500129105  |b IT2  |c LRA  |u 20250526 
902 |a https://opac.biblio.iteso.mx/vufind/Record/000187084